000 01499nam a22002057a 4500
999 _c62615
_d62615
003 Ge_BSU
005 20241218161101.0
008 241218s1930 ge ||||| |||| 00| 0 geo d
041 _ageo
080 _a611.018(075): 57.08(075) ს-51
100 _aსიმონოვჩი, ლ.
_924003
245 _aჰისტოლოგიისა და მიკროსკოპული ანატომიის სახელმძღვანელო განსაკუთრებით ადამიანის სხეულის გათვალისწინებით :
_bნაკვ. 1 /
_cგადამუშავებული ლ. სიმონოვიჩისა და რ. კრაუზეს მიერ ; სვ. საყვარელიძის თარგმ. ; "ქართული გამოცემის წინასიტყვაობა"-სევ. საყვარელიძე.
264 _aტფილისი :
_bსახელმწ. სამედიც. ინ-ტი,
_c1930.
300 _a364 გვ. :
_bილ.;
_c25 სმ.
653 _aჰისტოლოგია
653 _aმიკროსკოპული ანატომია
700 _aკრაუზე, რ.
_eავტორი
_924004
700 _aსაყვარელიძე, სვ.
_eმთარგმნელი, წინასიტყვაობის ავტორი.
_924005
942 _2udc
_cᲬᲘᲒᲜᲘ